Normal view
MARC view
- عبدالحميد،طلعت اسعد
Entry Personal Name
001 - CONTROL NUMBER
- control field: 32522
003 - CONTROL NUMBER IDENTIFIER
- control field: JO-AjAnu
005 - DATE AND TIME OF LATEST TRANSACTION
- control field: 20230606075450.0
008 - FIXED-LENGTH DATA ELEMENTS
- fixed length control field: 230606|| aca||aabn | a|a d
040 ## - CATALOGING SOURCE
- Original cataloging agency: JO-AjAnu
- Transcribing agency: JO-AjAnu
100 ## - HEADING--PERSONAL NAME
- Personal name: عبدالحميد،طلعت اسعد
670 ## - SOURCE DATA FOUND
- Source citation: Work cat.: (JO-AjAnu)16707: عبدالحميد،طلعت اسعد, author, الاتصالات التسويقية المتكاملة=Integrated Marketing Communication(IMC):طريقك المباشر الى قلب وفكر العميل